Conveyancing : draftsman and interpretation of deeds. Volume VI.

Opis bibliograficzny
1. autor: Bindra, Narotam Singh
Format: Książka
Język:English
Wydane: Delhi, : Delhi Law House, 2007 [Reprinted]
Wydanie:Silver Jubille ed.
Hasła przedmiotowe:
Classic Catalogue: View this record in Classic Catalogue
LEADER 01378nam a2200301 a 4500
001 0017442
003 BD-DhAAL
008 091025r2007 ii d 000 0 eng d
010 |a  56021668  
020 |a 8171110347 
040 |a DLC  |c CarP  |d DLC  |d BD-DhAAL 
082 0 0 |a 347.2954  |2 22 
100 1 |a Bindra, Narotam Singh.   |9 58568 
245 1 0 |a Conveyancing :  |b draftsman and interpretation of deeds.  |n Volume VI. 
250 |a Silver Jubille ed.  
260 |a Delhi, :  |b Delhi Law House,  |c 2007 [Reprinted] 
300 |a xxxvi, 1204 pages :  |b forms ;  |c 25 cm 
362 0 |a Vol. 6 (in seven volumes). 
504 |a Includes bibliographical references and index. 
526 |a SOL  |x Professor K Shamsuddin Mahmood Professor and Dean School of Law BRAC University 
541 1 |e 0017442  |a Anupam Gyan Bhandar 
650 0 |a Conveyancing  |z India. [from old catalog]  |9 58569 
650 0 |a Deeds  |z India. [from old catalog]  |9 58570 
650 0 |a Forms (Law)  |z India. [from old catalog]  |9 58565 
852 4 |a Ayesha Abed Library  |c General Stacks 
942 |2 ddc  |c BK 
999 |c 5231  |d 5231 
952 |0 0  |1 0  |2 ddc  |4 0  |6 347_295400000000000_BIN_2007  |7 0  |9 5076  |a BRACUL  |b BRACUL  |c GEN  |d 2009-11-08  |e Anupam Gyan Bhandar  |g 1929.00  |l 2  |m 6  |o 347.2954 BIN  |p 3010017442  |r 2014-12-22  |s 2014-12-03  |t 1  |v 3858.00  |w 2009-11-08  |y BK  |x Requisitioned by Professor K Shamsuddin Mahmood (Professor and Dean), School of Law, BRAC University